banner koha

Potassio em solo de cerrado, 2: Balanco no solo [Brasil] (Registro n. 103299)

MARC details
000 -LÍDER
campo de controle de tamanho fixo 00980nas a2200301 4500
001 - NÚMERO DE CONTROLE
campo de controle BR8000759
003 - IDENTIFICADOR DO NÚMERO DE CONTROLE
campo de controle BR-BrBNA
005 - DATA E HORÁRIO DA ÚLTIMA TRANSAÇÃO
campo de controle 20231205084127.0
007 - CAMPO FIXO DE DESCRIÇÃO FÍSICA--INFORMAÇÃO GERAL
campo de controle de tamanho fixo ta
008 - CAMPO DE DADOS FIXOS--INFORMAÇÃO GERAL
campo de controle de tamanho fixo 230509b bl.|||p| |||| 00| 00por d
040 ## - FONTE DA CATALOGAÇÃO
Instituição da catalogação original BR-BrBNA
Idioma da catalogação por
Instituição que transcreveu o registro Biblioteca Nacional de Agricultura
041 ## - CÓDIGO DE IDIOMA
Código do idioma do texto/trilha sonora ou título diferente (Pt)
072 ## - CÓDIGO DE CATEGORIA DE ASSUNTO
Código de Categoria de Assunto F25
100 1# - ENTRADA PRINCIPAL--NOME PESSOAL
Nome pessoal Souza, D.M.G. de
100 1# - ENTRADA PRINCIPAL--NOME PESSOAL
Nome pessoal Ritchey, K.D.
100 1# - ENTRADA PRINCIPAL--NOME PESSOAL
Nome pessoal Lobato, E.
100 1# - ENTRADA PRINCIPAL--NOME PESSOAL
Nome pessoal Goedert, W.J.
111 1# - ENTRADA PRINCIPAL--NOME DO EVENTO
Nome do evento ou lugar 16. Congresso Brasileiro de Ciencia do Solo
Local do evento Sao Luis, MA (Brazil)
Data do evento ou assinatura do tratado 11 Jul 1977
245 1# - TÍTULO
Título Potassio em solo de cerrado, 2: Balanco no solo [Brasil]
246 1# - FORMA VARIANTE DO TÍTULO
Título/título abreviado Potassium in a cerrado soil, 2: Equilibrium in the soil [Brazil]
650 ## - ASSUNTO--TERMO TÓPICO
Cabeçalho tópico ou nome geográfico Fertilizante
650 ## - ASSUNTO--TERMO TÓPICO
Cabeçalho tópico ou nome geográfico Fertilizante potassico
650 ## - ASSUNTO--TERMO TÓPICO
Cabeçalho tópico ou nome geográfico Solo
650 ## - ASSUNTO--TERMO TÓPICO
Cabeçalho tópico ou nome geográfico Cerrado
773 0# - ENTRADA ANALÍTICA
Título Revista Brasileira de Ciencia do Solo (Brazil)
ISSN - International Standard Serial Number ISSN 0100-0683
Partes relacionadas (Jan 1979), v. 3(1) p. 33-36
Número de controle do registro BR8000759
909 ## -
-- 202311
-- Lúcia
-- 55
-- Lúcia Elande
942 ## - ELEMENTOS DE ENTRADA ADICIONADOS (KOHA)
Fonte da classificação ou esquema de arquivamento na estante Classificação AGRIS
Ocultar no OPAC Não
Tipo de material Koha Analítica
Exemplares
Situação do descarte Fonte da classificação ou esquema de arquivamento na estante Situação física Não pode ser emprestado Biblioteca de origem Biblioteca atual Localização na estante Enumeração do periódico / cronologia Total de empréstimos Data de último acesso Número do exemplar Tipo de material Koha Fonte de aquisição
  Classificação AGRIS   Consulta local Biblioteca Nacional de Agricultura - Binagri Biblioteca Nacional de Agricultura - Binagri   (Jan 1979), v. 3(1) p. 33-36   29/11/2023 01 Periódicos Portaria Interministerial nº 164/94

BINAGRI

Telefone: (61)3218-2567/2388/3357/2097 - binagri@agro.gov.br

Ministério da Agricultura e Pecuária , Esplanada dos Ministérios, Bloco D, Anexo B, Brasília/DF, CEP: 70.043-900